[Event "Campobasso op 10th"]
[Site "Campobasso"]
[Date "2003.07.13"]
[Round "6"]
[White "Benincasa, Marco"]
[Black "Farina, Saverio"]
[Result "1-0"]
[WhiteElo "1989"]
[BlackElo "2123"]
[PlyCount "103"]
[EventDate "2003.07.11"]
[EventType "swiss"]
[EventRounds "6"]
[EventCountry "ITA"]
[SourceTitle "EXT 2007"]
[Source "ChessBase"]
[SourceDate "2006.11.23"]
[SourceVersion "1"]
[SourceVersionDate "2006.11.23"]
[SourceQuality "1"]

1. e4 e6 2. d4 d5 3. Nc3 Bb4 4. e5 c5 5. Bd2 Ne7 6. a3 Bxc3 7. bxc3 Qc7 8. Nf3 Bd7 9. Bd3 c4 10. Be2 Nbc6 11. 0-0 f6 12. Bf4 Ng6 13. Bg3 f5 14. Qd2 0-0-0 15. Ng5 Rdf8 16. Bh5 f4 17. Bxg6 fxg3 18. Nxh7 gxh2+ 19. Kh1 Rd8 20. Ng5 Rh6 21. Bf7 Rdh8 22. f4 Nd8 23. f5 exf5 24. Bxd5 Rf8 25. Ne4 Be6 26. Nd6+ Kb8 27. Bf3 b6 28. a4 Nc6 29. a5 Bc8 30. axb6 axb6 31. Nxc4 Bb7 32. Nd6 Rxd6 33. exd6 Qxd6 34. Rae1 Ba6 35. Be2 Bb7 36. Qf4 Qxf4 37. Rxf4 g5 38. Rff1 Kc7 39. Bf3 Ba6 40. Rf2 Kd6 41. Bxc6 Kxc6 42. Re5 g4 43. Rfxf5 Rb8 44. Rh5 Rf8 45. Kxh2 Rf2 46. Rh6+ Kd7 47. Rg5 Ke7 48. Rxb6 Bf1 49. Rxg4 Rxc2 50. Rg3 Bc4 51. Rg7+ Kf8 52. Rc7 1-0

[Event "Campobasso op 10th"]
[Site "Campobasso"]
[Date "2003.07.13"]
[Round "5"]
[White "Farina, Saverio"]
[Black "Ciampi, Vincenzo"]
[Result "0-1"]
[WhiteElo "2123"]
[BlackElo "2120"]
[PlyCount "96"]
[EventDate "2003.07.11"]
[EventType "swiss"]
[EventRounds "6"]
[EventCountry "ITA"]
[SourceTitle "EXT 2007"]
[Source "ChessBase"]
[SourceDate "2006.11.23"]
[SourceVersion "1"]
[SourceVersionDate "2006.11.23"]
[SourceQuality "1"]

1. c4 e5 2. Nc3 d6 3. Nf3 g6 4. d4 Nd7 5. e4 Bg7 6. Be2 Ne7 7. Be3 0-0 8. Qd2 exd4 9. Bxd4 Ne5 10. 0-0-0 N7c6 11. Bxe5 Nxe5 12. Nxe5 Bxe5 13. f4 Bg7 14. e5 Be6 15. Qc2 Qe7 16. exd6 cxd6 17. Nd5 Bxd5 18. Rxd5 Rac8 19. Kb1 Rc6 20. Bf3 Rfc8 21. Rb5 Rxc4 22. Qb3 b6 23. a4 Qf6 24. Re1 Qxf4 25. Bd5 Rc1+ 26. Rxc1 Rxc1+ 27. Ka2 Qf1 28. Qf3 Ra1+ 29. Kb3 Qxf3+ 30. gxf3 Rb1 31. Ka2 Rh1 32. a5 Rxh2 33. axb6 axb6 34. Rxb6 Be5 35. Rb7 Rd2 36. Bxf7+ Kg7 37. Be6+ Kf6 38. Bc8 h5 39. Ka3 Rf2 40. Ka4 Bxb2 41. Kb5 Be5 42. Kc6 Rxf3 43. Kd7 Kg5 44. Ke7 h4 45. Rb4 Rg3 46. Kf7 h3 47. Rb8 h2 48. Bb7 Rb3 0-1

[Event "Rome Steinitz op 1st"]
[Site "Rome"]
[Date "2002.07.07"]
[Round "5"]
[White "Marino, Massimo"]
[Black "Farina, Saverio"]
[Result "1-0"]
[WhiteElo "1966"]
[BlackElo "2104"]
[PlyCount "79"]
[EventDate "2002.07.05"]
[EventType "swiss"]
[EventRounds "5"]
[EventCountry "ITA"]
[SourceTitle "EXT 2007"]
[Source "ChessBase"]
[SourceDate "2006.11.23"]
[SourceVersion "1"]
[SourceVersionDate "2006.11.23"]
[SourceQuality "1"]

1. e4 e6 2. d4 d5 3. Nc3 c5 4. dxc5 Nf6 5. exd5 exd5 6. Bb5+ Nc6 7. Be3 Be7 8. Nge2 0-0 9. Bxc6 bxc6 10. 0-0 Ng4 11. Bd4 Qc7 12. Ng3 h5 13. Re1 h4 14. Nf1 Bg5 15. h3 Nf6 16. Be5 Qd8 17. f4 Bh6 18. Qd4 Ne8 19. Qf2 Ba6 20. Nh2 f6 21. Bd4 Qb8 22. f5 Bf4 23. Nf1 Bxf1 24. Rxf1 Bg3 25. Qd2 Rf7 26. Ne2 Be5 27. Nf4 Nc7 28. Ng6 Nb5 29. Bxe5 fxe5 30. Qg5 e4 31. Qxh4 Rf6 32. g4 Nd4 33. g5 Qxb2 34. Qh8+ Kf7 35. Ne5+ Ke7 36. Qxg7+ Ke8 37. Qxf6 Ne2+ 38. Kh2 Qb7 39. Qh8+ Ke7 40. Qg7+ 1-0

[Event "Bratto op 21st"]
[Site "Bratto"]
[Date "2001.08.27"]
[Round "6"]
[White "Farina, Saverio"]
[Black "Radice, Luca"]
[Result "1-0"]
[WhiteElo "2126"]
[BlackElo "2042"]
[PlyCount "45"]
[EventDate "2001.08.22"]
[EventType "swiss"]
[EventRounds "9"]
[EventCountry "ITA"]
[SourceTitle "EXT 2002"]
[Source "ChessBase"]
[SourceDate "2001.11.25"]
[SourceVersion "1"]
[SourceVersionDate "2001.11.25"]
[SourceQuality "1"]

1. c4 Nf6 2. Nc3 g6 3. e4 d6 4. d4 Bg7 5. Nge2 0-0 6. Ng3 c5 7. d5 e6 8. Be2 exd5 9. exd5 Re8 10. 0-0 Bf5 11. Nxf5 gxf5 12. Bg5 Qd7 13. Qd2 Ne4 14. Nxe4 fxe4 15. Qf4 Be5 16. Qh4 Na6 17. Rae1 Bxb2 18. Rb1 Bd4 19. Rb3 Qf5 20. Bg4 Qe5 21. Rh3 Nb4 22. Qxh7+ Kf8 23. Rh5 1-0

[Event "ITA-ch sf 61st"]
[Site "Limone Piemonte"]
[Date "2001.06.26"]
[Round "3"]
[White "Astengo, Marcello"]
[Black "Farina, Saverio"]
[Result "1-0"]
[WhiteElo "2001"]
[BlackElo "2148"]
[PlyCount "87"]
[EventDate "2001.06.24"]
[EventType "swiss"]
[EventRounds "8"]
[EventCountry "ITA"]
[SourceTitle "EXT 2002"]
[Source "ChessBase"]
[SourceDate "2001.11.25"]
[SourceVersion "1"]
[SourceVersionDate "2001.11.25"]
[SourceQuality "1"]

1. d4 d5 2. Nf3 c5 3. c3 Nc6 4. Bf4 Nf6 5. e3 Qb6 6. Na3 c4 7. Qc1 Bf5 8. Nh4 Bg6 9. Be2 e6 10. 0-0 Be7 11. h3 Ne4 12. Nxg6 hxg6 13. f3 Nd6 14. e4 a6 15. Re1 Kd7 16. Nc2 Nb5 17. exd5 exd5 18. Ne3 Nbxd4 19. cxd4 Nxd4 20. Kh1 Qe6 21. Bf1 Bb4 22. Rd1 Bc5 23. Qc3 Nb5 24. Qxc4 Bxe3 25. Rxd5+ Ke7 26. Re5 Bxf4 27. Qxf4 Rh5 28. Rxe6+ fxe6 29. Re1 Rc8 30. Bc4 Rc6 31. b3 Rf5 32. Qg4 e5 33. Bd5 Rd6 34. Bxb7 Nd4 35. Bxa6 Nc2 36. Rc1 Ne3 37. Qb4 Nd5 38. Qa3 Rff6 39. Bd3 Nf4 40. Bb1 Ne2 41. Rc6 Kd7 42. Rxd6+ Rxd6 43. Qa7+ Ke6 44. Bxg6 1-0

[Event "Fiuggi op"]
[Site "Fiuggi"]
[Date "2000.10.22"]
[Round "5"]
[White "Vigile, Matteo"]
[Black "Farina, Saverio"]
[Result "1/2-1/2"]
[WhiteElo "1771"]
[BlackElo "2163"]
[PlyCount "151"]
[EventDate "2000.10.20"]
[EventType "swiss"]
[EventRounds "6"]
[EventCountry "ITA"]
[SourceTitle "EXT 2024"]
[Source "ChessBase"]
[SourceDate "2023.10.10"]
[SourceVersion "1"]
[SourceVersionDate "2023.10.10"]
[SourceQuality "1"]

1. e4 e6 2. d4 d5 3. exd5 exd5 4. Nc3 c5 5. dxc5 Nf6 6. Nf3 Nc6 7. Be3 Be7 8. Qd2 0-0 9. Be2 Be6 10. 0-0 Ng4 11. Bd4 Rc8 12. Rad1 Qc7 13. Nb5 Qb8 14. h3 Nf6 15. Bxf6 Bxf6 16. c3 Ne7 17. b4 b6 18. cxb6 Qxb6 19. Nbd4 Ng6 20. Bd3 Ne5 21. Nxe5 Bxe5 22. Rfe1 Qc7 23. Qe2 Bh2+ 24. Kh1 Rce8 25. Qf3 Bf4 26. Nb5 Qb8 27. Nxa7 Qxa7 28. Qxf4 Qxa2 29. Qd4 Qa4 30. b5 Qxd4 31. cxd4 Rb8 32. Rc1 Rb6 33. Rc6 Rfb8 34. Rec1 g6 35. R1c5 Kf8 36. Rc7 R8b7 37. Rxb7 Rxb7 38. Be2 Ke7 39. Kh2 Kd6 40. Kg3 Rc7 41. b6 Rb7 42. Rb5 Kc6 43. Kf4 Rxb6 44. Rxb6+ Kxb6 45. Ke5 g5 46. Bg4 Bxg4 47. hxg4 Kc6 48. Kf6 Kb5 49. Ke5 Kc4 50. g3 f6+ 51. Kxf6 Kxd4 52. Kxg5 Ke4 53. f4 d4 54. f5 d3 55. f6 d2 56. f7 d1Q 57. f8Q h6+ 58. Qxh6 Qd2+ 59. Kg6 Qd6+ 60. Kh7 Qxg3 61. g5 Qc7+ 62. Qg7 Qh2+ 63. Kg6 Qc2 64. Qf7 Ke5+ 65. Kg7 Qc8 66. g6 Qd8 67. Kh7 Qh4+ 68. Kg8 Qd8+ 69. Kg7 Qg5 70. Qc7+ Ke6 71. Qc8+ Ke7 72. Qf8+ Ke6 73. Qf7+ Ke5 74. Kf8 Qd8+ 75. Qe8+ Qxe8+ 76. Kxe8 1/2-1/2

[Event "Nereto op 5th"]
[Site "Nereto"]
[Date "2000.08.18"]
[Round "8"]
[White "Foisor, Ovidiu Doru"]
[Black "Farina, Saverio"]
[Result "1-0"]
[WhiteElo "2404"]
[BlackElo "2153"]
[PlyCount "85"]
[EventDate "2000.08.11"]
[EventType "swiss"]
[EventRounds "9"]
[EventCountry "ITA"]
[SourceTitle "EXT 2001"]
[Source "ChessBase"]
[SourceDate "2000.11.22"]
[SourceVersion "1"]
[SourceVersionDate "2000.11.22"]
[SourceQuality "1"]

1. c4 e6 2. Nf3 d5 3. g3 c5 4. Bg2 Nc6 5. cxd5 exd5 6. d4 Nf6 7. 0-0 Be7 8. Nc3 0-0 9. dxc5 Bxc5 10. Na4 Be7 11. Be3 Re8 12. Rc1 Bg4 13. Nc5 Bxc5 14. Bxc5 Qd7 15. Re1 Rad8 16. Nd4 h5 17. Nxc6 bxc6 18. Bd4 Re6 19. f3 Bf5 20. Qd2 Nh7 21. Rc3 a6 22. Ra3 Qb7 23. Bf1 Rde8 24. Rc1 f6 25. Qf4 g6 26. h4 Qb4 27. Rb3 Qe7 28. Rb6 Rxe2 29. Bxe2 Qxe2 30. Rbxc6 Bh3 31. R6c2 Qd3 32. Rd2 Qb5 33. Qd6 Qa5 34. Bc3 Qa4 35. Qxd5+ Be6 36. Qd3 Bf5 37. Qd4 Qc6 38. Qd5+ Qxd5 39. Rxd5 Be6 40. Re1 Kf7 41. Rc5 g5 42. Rc7+ Kg6 43. Rc6 1-0

[Event "Montecatini Terme op"]
[Site "Montecatini Terme"]
[Date "2000.??.??"]
[Round "1"]
[White "Farina, Saverio"]
[Black "Naumkin, Igor"]
[Result "0-1"]
[WhiteElo "2153"]
[BlackElo "2440"]
[PlyCount "72"]
[EventDate "2000.07.??"]
[EventType "swiss"]
[EventRounds "9"]
[EventCountry "ITA"]
[SourceTitle "EXT 2001"]
[Source "ChessBase"]
[SourceDate "2000.11.22"]
[SourceVersion "1"]
[SourceVersionDate "2000.11.22"]
[SourceQuality "1"]

1. c4 e5 2. e3 Nf6 3. d4 exd4 4. exd4 d5 5. Nc3 Bb4 6. Nf3 0-0 7. Be2 dxc4 8. Bxc4 Qe7+ 9. Be3 Be6 10. Bxe6 Qxe6 11. 0-0 Bxc3 12. bxc3 Nbd7 13. Qb3 Nd5 14. c4 Nxe3 15. fxe3 b6 16. Rae1 c5 17. d5 Qe4 18. Nd2 Qg6 19. Rf3 Rae8 20. Rg3 Qd6 21. Nf3 g6 22. Qc3 Nf6 23. Qd3 Ne4 24. Rh3 f5 25. Nd2 Nf6 26. Rg3 Ng4 27. Rf1 Qe5 28. e4 fxe4 29. Rxf8+ Kxf8 30. Qf1+ Kg8 31. Rxg4 Qd4+ 32. Kh1 Qxd2 33. h3 e3 34. Qf6 Qf2 35. Rf4 Qxf4 36. Qxf4 e2 0-1

[Event "Porto San Giorgio op 11th"]
[Site "Porto San Giorgio"]
[Date "1999.08.24"]
[Round "5"]
[White "Voltolini, Giuseppe"]
[Black "Farina, Saverio"]
[Result "0-1"]
[WhiteElo "2260"]
[BlackElo "2142"]
[PlyCount "82"]
[EventDate "1999.08.20"]
[EventType "swiss"]
[EventRounds "9"]
[EventCountry "ITA"]
[SourceTitle "EXT 2000"]
[Source "ChessBase"]
[SourceDate "1999.11.16"]
[SourceVersion "1"]
[SourceVersionDate "1999.11.16"]
[SourceQuality "1"]

1. d4 d5 2. c4 e6 3. Nc3 c5 4. cxd5 exd5 5. Nf3 Nc6 6. g3 Nf6 7. Bg2 Be7 8. 0-0 0-0 9. dxc5 Bxc5 10. Bg5 Be6 11. Bxf6 Qxf6 12. Nxd5 Qxb2 13. Nc7 Rad8 14. Qc1 Qxc1 15. Raxc1 Be7 16. Nxe6 fxe6 17. Rc4 Bf6 18. e3 Rd6 19. Re4 b5 20. Rc1 a5 21. Bf1 Rb8 22. Rc5 b4 23. Bb5 Rd5 24. Rxc6 Rbxb5 25. Rexe6 a4 26. e4 Rd1+ 27. Kg2 b3 28. axb3 axb3 29. Rc7 Kf8 30. e5 Bd8 31. Rc4 Kf7 32. Ra6 h6 33. e6+ Kg8 34. Rc8 Kh7 35. Raa8 Bf6 36. h4 b2 37. g4 b1Q 38. Rh8+ Kg6 39. h5+ Rxh5 40. gxh5+ Kxh5 41. Rhf8 Qe4 0-1

[Event "Genova op 3th"]
[Site "Genova"]
[Date "1999.??.??"]
[Round "8"]
[White "Farina, Saverio"]
[Black "Hamdouchi, Adina Maria"]
[Result "0-1"]
[WhiteElo "2140"]
[BlackElo "2210"]
[PlyCount "96"]
[EventDate "1999.??.??"]
[EventType "swiss"]
[EventRounds "11"]
[EventCountry "ITA"]
[SourceTitle "EXT 2000"]
[Source "ChessBase"]
[SourceDate "1999.11.16"]
[SourceVersion "1"]
[SourceVersionDate "1999.11.16"]
[SourceQuality "1"]

1. d4 g6 2. c4 Bg7 3. Nc3 c5 4. e3 Nf6 5. Nf3 0-0 6. Be2 cxd4 7. exd4 d5 8. 0-0 Nc6 9. Be3 dxc4 10. Bxc4 Ng4 11. Qe2 Na5 12. Bd3 b6 13. Rad1 Bb7 14. Ne5 Nf6 15. Rfe1 Nd5 16. Bc1 Rc8 17. Ne4 Nb4 18. Bb1 Qd5 19. a3 Nbc6 20. Nc3 Nxd4 21. Nxd5 Nxe2+ 22. Rxe2 Bxd5 23. b4 Nb3 24. Bf4 Rfd8 25. Ba2 Be6 26. Ree1 Rxd1 27. Rxd1 Nd4 28. Bxe6 Nxe6 29. Bg3 f5 30. f4 Bxe5 31. fxe5 Kf7 32. h3 Rd8 33. Rxd8 Nxd8 34. Kf2 Ke6 35. b5 Nf7 36. Ke3 g5 37. Kd4 f4 38. Be1 Nxe5 39. a4 h5 40. Ke4 Nc4 41. h4 Ne3 42. hxg5 Nxg2 43. Bf2 h4 44. Kf3 h3 45. Bg1 Kf5 46. g6 Nh4+ 47. Kf2 Nxg6 48. Kf1 Nh4 0-1

[Event "Palocco tt"]
[Site "Palocco"]
[Date "1998.??.??"]
[Round "2"]
[White "Di Lascio, Savino"]
[Black "Farina, Saverio"]
[Result "0-1"]
[WhiteElo "1860"]
[BlackElo "2200"]
[PlyCount "104"]
[EventDate "1998.??.??"]
[EventType "team"]
[EventRounds "6"]
[EventCountry "ITA"]
[SourceTitle "EXT 2001"]
[Source "ChessBase"]
[SourceDate "2000.11.22"]
[SourceVersion "1"]
[SourceVersionDate "2000.11.22"]
[SourceQuality "1"]

1. Nf3 d5 2. g3 c5 3. Bg2 Nc6 4. 0-0 Nf6 5. d3 e6 6. Nbd2 Be7 7. c3 0-0 8. Qc2 b5 9. e4 a5 10. a4 b4 11. c4 dxe4 12. Nxe4 Bb7 13. Be3 Qb6 14. b3 Rfd8 15. Rad1 Nxe4 16. dxe4 Bf6 17. Rxd8+ Rxd8 18. Rd1 Nd4 19. Bxd4 Bxd4 20. Nxd4 cxd4 21. c5 Qc7 22. f4 e5 23. f5 Rc8 24. Rc1 Qe7 25. h4 Qf6 26. Qd3 Qh6 27. Rc2 Ba6 28. Qd1 Qe3+ 29. Kh2 Qxb3 30. f6 Qe3 31. Qg4 g6 32. Bf1 d3 33. Rc4 Qf2+ 34. Bg2 Qd2 35. c6 Qh6 36. Rc5 Qf8 37. Rxe5 Rxc6 38. Qd7 Rc8 39. Rxa5 Rd8 40. Qe7 d2 41. Bf3 Bc4 42. Bd1 b3 43. Qe5 Rb8 44. Qb2 Qb4 45. Re5 h5 46. Rg5 Qxa4 47. Qxd2 Qa2 48. Qxa2 bxa2 49. Bxh5 a1Q 50. Bxg6 Rb2+ 51. Kh3 Qf1+ 52. Kg4 Be2# 0-1

[Event "Vitinia WE op"]
[Site "Vitinia"]
[Date "1998.??.??"]
[Round "4"]
[White "Farina, Saverio"]
[Black "Corvi, Marco"]
[Result "0-1"]
[WhiteElo "1950"]
[BlackElo "2320"]
[PlyCount "82"]
[EventDate "1998.??.??"]
[EventType "swiss"]
[EventRounds "9"]
[EventCountry "ITA"]
[SourceTitle "EXT 2001"]
[Source "ChessBase"]
[SourceDate "2000.11.22"]
[SourceVersion "1"]
[SourceVersionDate "2000.11.22"]
[SourceQuality "1"]

1. d4 f5 2. c4 e6 3. Nc3 Nf6 4. Nf3 Be7 5. Bf4 0-0 6. e3 d6 7. Be2 a5 8. c5 Nh5 9. cxd6 cxd6 10. 0-0 Nxf4 11. exf4 d5 12. Ne5 Nc6 13. Rc1 Bd7 14. Re1 Nxe5 15. fxe5 Qb6 16. Qd3 Rac8 17. Rc2 Rc7 18. f4 Rfc8 19. Kh1 Kh8 20. Rd1 a4 21. a3 Qb3 22. Rdc1 Qb6 23. Qd2 Qa5 24. Bd3 b5 25. Nb1 Rxc2 26. Rxc2 Rxc2 27. Bxc2 Qxd2 28. Nxd2 g5 29. g3 Bd8 30. fxg5 Bxg5 31. Nf3 Bc1 32. b3 Bxa3 33. Kg2 Bb4 34. bxa4 bxa4 35. Kf2 a3 36. Bb1 h6 37. Ne1 Bxe1+ 38. Kxe1 Bb5 39. Kd2 Bc4 40. Kc3 a2 41. Bxa2 Bxa2 0-1

[Event "Academia Cup op"]
[Site "Italy"]
[Date "1998.??.??"]
[Round "3"]
[White "Farina, Saverio"]
[Black "De Vita, Cesare Igor"]
[Result "0-1"]
[WhiteElo "2200"]
[BlackElo "2125"]
[PlyCount "112"]
[EventDate "1998.??.??"]
[EventType "swiss"]
[EventRounds "8"]
[EventCountry "ITA"]
[SourceTitle "EXT 2002"]
[Source "ChessBase"]
[SourceDate "2001.11.25"]
[SourceVersion "1"]
[SourceVersionDate "2001.11.25"]
[SourceQuality "1"]

1. d4 Nf6 2. c4 g6 3. Nc3 Bg7 4. e4 d6 5. Nge2 Nbd7 6. Ng3 e5 7. d5 a5 8. Be2 Nc5 9. h4 h5 10. Bg5 Bd7 11. Qc2 Qc8 12. 0-0 0-0 13. Qd2 Nh7 14. Bh6 Qd8 15. Bxg7 Kxg7 16. f4 Qxh4 17. Qe3 exf4 18. Rxf4 Qg5 19. Raf1 Rae8 20. Qf2 f6 21. Rd1 Re5 22. Bd3 Rfe8 23. Bc2 R5e7 24. Rf1 Rf8 25. Nce2 Qe5 26. Nc3 Ng5 27. Nge2 Ref7 28. Nd4 Rh8 29. Nde2 Nh7 30. Nd4 Nf8 31. Qe3 Nh7 32. Nf3 Qe7 33. Nd4 Ng5 34. Qg3 Qe5 35. Nde2 h4 36. Qe3 h3 37. g3 h2+ 38. Kh1 Rh6 39. R4f2 Rf8 40. Nf4 Bg4 41. Rd2 Rfh8 42. Nd3 Nxd3 43. Bxd3 Rh3 44. Rg2 Re8 45. Rff2 Nf7 46. Rf4 Bc8 47. Rgf2 Nh6 48. Bf1 Rh5 49. Be2 Rg5 50. Rf1 Nf5 51. Rxf5 gxf5 52. Rf4 Rh8 53. Bd3 Rhh5 54. Ne2 Qxb2 55. exf5 Qa1+ 56. Nc1 Qe5 0-1

[Event "Vitinia WE op"]
[Site "Vitinia"]
[Date "1998.??.??"]
[Round "1"]
[White "Farina, Saverio"]
[Black "Puliatti, Carlo"]
[Result "1-0"]
[WhiteElo "2200"]
[BlackElo "1795"]
[PlyCount "115"]
[EventDate "1998.??.??"]
[EventType "swiss"]
[EventRounds "9"]
[EventCountry "ITA"]
[SourceTitle "EXT 2001"]
[Source "ChessBase"]
[SourceDate "2000.11.22"]
[SourceVersion "1"]
[SourceVersionDate "2000.11.22"]
[SourceQuality "1"]

1. d4 Nf6 2. c4 g6 3. Nc3 Bg7 4. e4 0-0 5. Nge2 d6 6. Ng3 e5 7. d5 Nbd7 8. Be2 a5 9. h4 h5 10. Bg5 Nc5 11. Bxh5 gxh5 12. Nxh5 Bh8 13. Qf3 Ncd7 14. Rh3 Re8 15. Qf5 Nf8 16. Nxf6+ Bxf6 17. Bxf6 Bxf5 18. Rg3+ Bg6 19. Bxd8 Raxd8 20. h5 Kh7 21. hxg6+ Nxg6 22. Kd2 Kg7 23. Rh1 Rh8 24. Rgh3 Rxh3 25. Rxh3 Kf6 26. g3 c6 27. Rh5 Ke7 28. b3 Rg8 29. Kc2 Rg7 30. Rh1 Kd7 31. Kb2 Ne7 32. Rh8 cxd5 33. Nxd5 Nxd5 34. cxd5 Rg4 35. Rh4 Rg8 36. Rh7 Ke7 37. Kc3 Rc8+ 38. Kd2 b5 39. Rh1 Kd7 40. Rc1 Rb8 41. Rc6 a4 42. b4 f6 43. Ke3 Rb7 44. f4 Ke7 45. Rc8 Kf7 46. f5 Ke7 47. Rh8 Rb6 48. Rh7+ Ke8 49. Kf3 Kf8 50. Rc7 Rb8 51. Kg4 a3 52. Kh5 Ra8 53. Kg6 Ra4 54. Kxf6 Ke8 55. Ke6 Kd8 56. Kxd6 Rxb4 57. Ra7 Kc8 58. Kxe5 1-0